000 00342nam a22001457a 4500
003 OSt
005 20160727222353.0
008 160622b xxu||||| |||| 00| 0 eng d
040 _cTEST
100 _9448
_aMarshall, J.S
245 _aScience is Fun
260 _aScott. Foresman & Com Buston
_c1968
300 _aScience is Fun
942 _2ddc
_cBK
999 _c368
_d368